| 000 | 00497nam a22001817a 4500 | ||
|---|---|---|---|
| 999 |
_c196176 _d196176 |
||
| 003 | OSt | ||
| 020 | _a8123013329 | ||
| 082 |
_a352.14 _bNAW/DI |
||
| 100 | _aNawani, N P | ||
| 245 |
_aDistrict administration: _btheory and practice |
||
| 260 |
_aNew Delhi _bPublication Division Ministry of Information and Broadcasting _c2006 |
||
| 300 | _a233p. | ||
| 546 | _aEnglish | ||
| 650 | _aDistrict administration | ||
| 650 | _aPublic administration | ||
| 650 | _aDecentralization | ||
| 942 |
_2ddc _cBK |
||